[Event "Poznan Chess Festival"]
[Site "chess24.com"]
[Date "2021.08.15"]
[Round "2"]
[White "Klapec, Adam"]
[Black "Maciejski, Pawel"]
[Result "1/2-1/2"]
[Board "35"]
[WhiteElo "1159"]
[WhiteCountry "POL"]
[WhiteFideId "21881162"]
[WhiteEloChange "7"]
[BlackElo "1438"]
[BlackCountry "POL"]
[BlackFideId "21802890"]
[BlackEloChange "-7"]

1. e4 {[%clk 1:30:30]} c6 {[%clk 1:30:30]} 2. d4 {[%clk 1:30:30]} d5 {[%clk
1:30:30]} 3. Nc3 {[%clk 1:30:30]} dxe4 {[%clk 1:30:30]} 4. Nxe4 {[%clk 1:30:30]}
Nf6 {[%clk 1:30:30]} 5. Nxf6+ {[%clk 1:30:30]} exf6 {[%clk 1:30:30]} 6. c3 {[%clk
1:30:30]} Bd6 {[%clk 1:30:30]} 7. Bd3 {[%clk 1:30:30]} O-O {[%clk 1:30:30]} 8.
Qc2 {[%clk 1:30:30]} h5 {[%clk 1:30:30]} 9. Bd2 {[%clk 1:30:30]} Re8+ {[%clk
1:30:30]} 10. Ne2 {[%clk 1:30:30]} Be6 {[%clk 1:30:30]} 11. O-O {[%clk 1:30:30]}
Qc7 {[%clk 1:30:30]} 12. h3 {[%clk 1:30:30]} Nd7 {[%clk 1:30:30]} 13. c4 {[%clk
1:30:30]} b6 {[%clk 1:30:30]} 14. Rfe1 {[%clk 1:30:30]} Nf8 {[%clk 1:30:30]} 15.
Nc3 {[%clk 1:30:30]} Qd7 {[%clk 1:30:30]} 16. Ne4 {[%clk 1:30:30]} Bc7 {[%clk
1:30:30]} 17. Re3 {[%clk 1:30:30]} h4 {[%clk 1:30:30]} 18. Rf3 {[%clk 1:30:30]}
Nh7 {[%clk 1:30:30]} 19. Bf4 {[%clk 1:30:30]} f5 {[%clk 1:30:30]} 20. Bxc7 {[%clk
1:30:30]} fxe4 {[%clk 1:30:30]} 21. Bxe4 {[%clk 1:30:30]} Ng5 {[%clk 1:30:30]}
22. Be5 {[%clk 1:30:30]} Nxf3+ {[%clk 1:30:30]} 23. Bxf3 {[%clk 1:30:30]} Bf5
{[%clk 1:30:30]} 24. Qc3 {[%clk 1:30:30]} f6 {[%clk 1:30:30]} 25. Bf4 {[%clk
1:30:30]} Rac8 {[%clk 1:30:30]} 26. b4 {[%clk 1:30:30]} Qf7 {[%clk 1:30:30]} 27.
Rc1 {[%clk 1:30:30]} g5 {[%clk 1:30:30]} 28. Be3 {[%clk 1:30:30]} Be4 {[%clk
1:30:30]} 29. Bd1 {[%clk 1:30:30]} Qe6 {[%clk 1:30:30]} 30. Bb3 {[%clk 1:30:30]}
Kg7 {[%clk 1:30:30]} 31. c5 {[%clk 1:30:30]} Bd5 {[%clk 1:30:30]} 32. Bc2 {[%clk
1:30:30]} Bc4 {[%clk 1:30:30]} 33. d5 {[%clk 1:30:30]} Qxd5 {[%clk 1:30:30]} 34.
Rd1 {[%clk 1:30:30]} Rxe3 {[%clk 1:30:30]} 35. Qxe3 {[%clk 1:30:30]} Qe5 {[%clk
1:30:30]} 36. Qf3 {[%clk 1:30:30]} Bd5 {[%clk 1:30:30]} 37. Qh5 {[%clk 1:30:30]}
Rh8 {[%clk 1:30:30]} 38. Qg4 {[%clk 1:30:30]} Be6 {[%clk 1:30:30]} 39. Qf3 {[%clk
1:30:30]} Bd5 {[%clk 1:30:30]} 40. Qd3 {[%clk 1:30:30]} b5 {[%clk 1:30:30]} 41.
Qg6+ {[%clk 1:30:30]} Kf8 {[%clk 1:30:30]} 42. Qf5 {[%clk 1:30:30]} Ke7 {[%clk
1:30:30]} 43. Qd3 {[%clk 1:30:30]} Ke6 {[%clk 1:30:30]} 1/2-1/2

[Event "Poznan Chess Festival"]
[Site "chess24.com"]
[Date "2021.08.15"]
[Round "2"]
[White "Zarzycki, Piotr"]
[Black "Borkowski, Pawel"]
[Result "1-0"]
[Board "36"]
[WhiteElo "1410"]
[WhiteCountry "POL"]
[WhiteFideId "21843520"]
[WhiteEloChange "4"]
[BlackElo "1141"]
[BlackCountry "POL"]
[BlackFideId "21007306"]
[BlackEloChange "-4"]

1. e4 {[%clk 1:30:30]} e5 {[%clk 1:30:30]} 2. Nc3 {[%clk 1:30:30]} Nf6 {[%clk
1:30:30]} 3. f4 {[%clk 1:30:30]} Nc6 {[%clk 1:30:30]} 4. fxe5 {[%clk 1:30:30]}
Nxe4 {[%clk 1:30:30]} 5. Nxe4 {[%clk 1:30:30]} Qh4+ {[%clk 1:30:30]} 6. Nf2
{[%clk 1:30:30]} Bc5 {[%clk 1:30:30]} 7. g3 {[%clk 1:30:30]} Qd4 {[%clk 1:30:30]}
8. Qf3 {[%clk 1:30:30]} Nb4 {[%clk 1:30:30]} 9. Bd3 {[%clk 1:30:30]} O-O {[%clk
1:30:30]} 10. Ne2 {[%clk 1:30:30]} Qxe5 {[%clk 1:30:30]} 11. Qe4 {[%clk 1:30:30]}
Bxf2+ {[%clk 1:30:30]} 12. Kxf2 {[%clk 1:30:30]} Qf6+ {[%clk 1:30:30]} 13. Kg2
{[%clk 1:30:30]} Nxd3 {[%clk 1:30:30]} 14. Qxd3 {[%clk 1:30:30]} b6 {[%clk
1:30:30]} 15. Rf1 {[%clk 1:30:30]} Bb7+ {[%clk 1:30:30]} 16. Rf3 {[%clk 1:30:30]}
Bxf3+ {[%clk 1:30:30]} 17. Qxf3 {[%clk 1:30:30]} Qg6 {[%clk 1:30:30]} 18. d3
{[%clk 1:30:30]} Rfe8 {[%clk 1:30:30]} 19. Bd2 {[%clk 1:30:30]} Qe6 {[%clk
1:30:30]} 20. Nf4 {[%clk 1:30:30]} Qf5 {[%clk 1:30:30]} 21. Re1 {[%clk 1:30:30]}
c6 {[%clk 1:30:30]} 22. Rxe8+ {[%clk 1:30:30]} Rxe8 {[%clk 1:30:30]} 23. Bc3
{[%clk 1:30:30]} g6 {[%clk 1:30:30]} 24. g4 {[%clk 1:30:30]} Qc5 {[%clk 1:30:30]}
25. d4 {[%clk 1:30:30]} Qe7 {[%clk 1:30:30]} 26. Kg3 {[%clk 1:30:30]} Qd6 {[%clk
1:30:30]} 27. Kg2 {[%clk 1:30:30]} a5 {[%clk 1:30:30]} 28. a3 {[%clk 1:30:30]} a4
{[%clk 1:30:30]} 29. d5 {[%clk 1:30:30]} c5 {[%clk 1:30:30]} 30. Nd3 {[%clk
1:30:30]} b5 {[%clk 1:30:30]} 31. Nf2 {[%clk 1:30:30]} b4 {[%clk 1:30:30]} 32.
Ne4 {[%clk 1:30:30]} Rxe4 {[%clk 1:30:30]} 33. Qxe4 {[%clk 1:30:30]} bxc3 {[%clk
1:30:30]} 34. bxc3 {[%clk 1:30:30]} Kg7 {[%clk 1:30:30]} 35. c4 {[%clk 1:30:30]}
Qf6 {[%clk 1:30:30]} 36. Kg3 {[%clk 1:30:30]} Qd6+ {[%clk 1:30:30]} 37. Kg2
{[%clk 1:30:30]} Qb8 {[%clk 1:30:30]} 38. Qd3 {[%clk 1:30:30]} d6 {[%clk
1:30:30]} 39. h4 {[%clk 1:30:30]} Qb2 {[%clk 1:30:30]} 40. g5 {[%clk 1:30:30]}
Qe5 {[%clk 1:30:30]} 41. Kf3 {[%clk 1:30:30]} Qh2 {[%clk 1:30:30]} 42. Qc3+
{[%clk 1:30:30]} Kg8 {[%clk 1:30:30]} 43. Qf6 {[%clk 1:30:30]} Qh3+ {[%clk
1:30:30]} 44. Kf2 {[%clk 1:30:30]} Qxh4+ {[%clk 1:30:30]} 45. Ke3 {[%clk
1:30:30]} Qg3+ {[%clk 1:30:30]} 46. Kd2 {[%clk 1:30:30]} Qg2+ {[%clk 1:30:30]}
47. Kc1 {[%clk 1:30:30]} Qg1+ {[%clk 1:30:30]} 48. Kd2 {[%clk 1:30:30]} Qd4+
{[%clk 1:30:30]} 49. Qxd4 {[%clk 1:30:30]} cxd4 {[%clk 1:30:30]} 50. Kd3 {[%clk
1:30:30]} f5 {[%clk 1:30:30]} 51. Kxd4 {[%clk 1:30:30]} Kf7 {[%clk 1:30:30]} 52.
c5 {[%clk 1:30:30]} dxc5+ {[%clk 1:30:30]} 53. Kxc5 {[%clk 1:30:30]} Ke7 {[%clk
1:30:30]} 54. c4 {[%clk 1:30:30]} Kd7 {[%clk 1:30:30]} 55. Kd4 {[%clk 1:30:30]}
Kc7 {[%clk 1:30:30]} 56. c5 {[%clk 1:30:30]} Kd7 {[%clk 1:30:30]} 57. Ke5 {[%clk
1:30:30]} Kc7 {[%clk 1:30:30]} 58. c6 {[%clk 1:30:30]} Kd8 {[%clk 1:30:30]} 59.
d6 {[%clk 1:30:30]} Kc8 {[%clk 1:30:30]} 60. Ke6 {[%clk 1:30:30]} Kd8 {[%clk
1:30:30]} 1-0

[Event "Poznan Chess Festival"]
[Site "chess24.com"]
[Date "2021.08.15"]
[Round "2"]
[White "Czyzewski, Leon"]
[Black "Grynia, Jakub"]
[Result "1/2-1/2"]
[Board "37"]
[WhiteElo "1086"]
[WhiteCountry "POL"]
[WhiteFideId "21007314"]
[WhiteEloChange "7"]
[BlackElo "1399"]
[BlackCountry "POL"]
[BlackFideId "41802551"]
[BlackEloChange "-7"]

1. d4 {[%clk 1:30:30]} Nf6 {[%clk 1:30:30]} 2. Bg5 {[%clk 1:30:30]} e6 {[%clk
1:30:30]} 3. e4 {[%clk 1:30:30]} Be7 {[%clk 1:30:30]} 4. e5 {[%clk 1:30:30]} Nd5
{[%clk 1:30:30]} 5. Bxe7 {[%clk 1:30:30]} Qxe7 {[%clk 1:30:30]} 6. a3 {[%clk
1:30:30]} d6 {[%clk 1:30:30]} 7. Nf3 {[%clk 1:30:30]} Nc6 {[%clk 1:30:30]} 8. c4
{[%clk 1:30:30]} Nb6 {[%clk 1:30:30]} 9. Be2 {[%clk 1:30:30]} dxe5 {[%clk
1:30:30]} 10. Nxe5 {[%clk 1:30:30]} Nxe5 {[%clk 1:30:30]} 11. dxe5 {[%clk
1:30:30]} Qc5 {[%clk 1:30:30]} 12. f4 {[%clk 1:30:30]} Qc6 {[%clk 1:30:30]} 13.
O-O {[%clk 1:30:30]} Nxc4 {[%clk 1:30:30]} 14. Qd4 {[%clk 1:30:30]} Qb6 {[%clk
1:30:30]} 15. Qxb6 {[%clk 1:30:30]} Nxb6 {[%clk 1:30:30]} 16. Nc3 {[%clk
1:30:30]} Bd7 {[%clk 1:30:30]} 17. Bf3 {[%clk 1:30:30]} O-O-O {[%clk 1:30:30]}
18. Rac1 {[%clk 1:30:30]} Na4 {[%clk 1:30:30]} 19. Ne4 {[%clk 1:30:30]} Kb8
{[%clk 1:30:30]} 20. b3 {[%clk 1:30:30]} Nb6 {[%clk 1:30:30]} 21. Nc5 {[%clk
1:30:30]} Bc8 {[%clk 1:30:30]} 22. Rfd1 {[%clk 1:30:30]} Nd5 {[%clk 1:30:30]} 23.
f5 {[%clk 1:30:30]} c6 {[%clk 1:30:30]} 24. fxe6 {[%clk 1:30:30]} Bxe6 {[%clk
1:30:30]} 25. Nxe6 {[%clk 1:30:30]} fxe6 {[%clk 1:30:30]} 26. Bg4 {[%clk
1:30:30]} Nc7 {[%clk 1:30:30]} 27. Rd6 {[%clk 1:30:30]} Rxd6 {[%clk 1:30:30]} 28.
exd6 {[%clk 1:30:30]} Nd5 {[%clk 1:30:30]} 29. Bxe6 {[%clk 1:30:30]} Rd8 {[%clk
1:30:30]} 30. Bxd5 {[%clk 1:30:30]} cxd5 {[%clk 1:30:30]} 31. Rc7 {[%clk
1:30:30]} Rxd6 {[%clk 1:30:30]} 32. Rxg7 {[%clk 1:30:30]} d4 {[%clk 1:30:30]} 33.
Kf1 {[%clk 1:30:30]} h6 {[%clk 1:30:30]} 34. Ke2 {[%clk 1:30:30]} a6 {[%clk
1:30:30]} 35. Kd3 {[%clk 1:30:30]} Rb6 {[%clk 1:30:30]} 36. b4 {[%clk 1:30:30]}
a5 {[%clk 1:30:30]} 37. Kxd4 {[%clk 1:30:30]} axb4 {[%clk 1:30:30]} 38. Kc5
{[%clk 1:30:30]} Ka7 {[%clk 1:30:30]} 39. axb4 {[%clk 1:30:30]} Rc6+ {[%clk
1:30:30]} 40. Kd5 {[%clk 1:30:30]} Rb6 {[%clk 1:30:30]} 41. Rg4 {[%clk 1:30:30]}
Rb5+ {[%clk 1:30:30]} 42. Ke6 {[%clk 1:30:30]} Rh5 {[%clk 1:30:30]} 43. Kd7
{[%clk 1:30:30]} Rxh2 {[%clk 1:30:30]} 44. b5 {[%clk 1:30:30]} Kb6 {[%clk
1:30:30]} 45. Rg6+ {[%clk 1:30:30]} Kxb5 {[%clk 1:30:30]} 46. Kc7 {[%clk
1:30:30]} Kc5 {[%clk 1:30:30]} 47. Kxb7 {[%clk 1:30:30]} h5 {[%clk 1:30:30]} 48.
g4 {[%clk 1:30:30]} hxg4 {[%clk 1:30:30]} 49. Rxg4 {[%clk 1:30:30]} 1/2-1/2

[Event "Poznan Chess Festival"]
[Site "chess24.com"]
[Date "2021.08.15"]
[Round "2"]
[White "Tadych, Szymon"]
[Black "Czyzewski, Olgierd"]
[Result "0-1"]
[Board "38"]
[WhiteElo "1396"]
[WhiteCountry "POL"]
[WhiteFideId "21820406"]
[WhiteEloChange "-17"]
[BlackElo "1104"]
[BlackCountry "POL"]
[BlackFideId "21899690"]
[BlackEloChange "17"]

1. e4 {[%clk 1:30:30]} e6 {[%clk 1:30:30]} 2. d4 {[%clk 1:30:30]} d5 {[%clk
1:30:30]} 3. exd5 {[%clk 1:30:30]} exd5 {[%clk 1:30:30]} 4. Bd3 {[%clk 1:30:30]}
Bd6 {[%clk 1:30:30]} 5. Ne2 {[%clk 1:30:30]} Nf6 {[%clk 1:30:30]} 6. Bf4 {[%clk
1:30:30]} O-O {[%clk 1:30:30]} 7. O-O {[%clk 1:30:30]} c6 {[%clk 1:30:30]} 8. Nd2
{[%clk 1:30:30]} Bxf4 {[%clk 1:30:30]} 9. Nxf4 {[%clk 1:30:30]} Qb6 {[%clk
1:30:30]} 10. Nb3 {[%clk 1:30:30]} Bg4 {[%clk 1:30:30]} 11. f3 {[%clk 1:30:30]}
Bh5 {[%clk 1:30:30]} 12. Kh1 {[%clk 1:30:30]} a5 {[%clk 1:30:30]} 13. a4 {[%clk
1:30:30]} Bg6 {[%clk 1:30:30]} 14. Qd2 {[%clk 1:30:30]} Bxd3 {[%clk 1:30:30]} 15.
Nxd3 {[%clk 1:30:30]} Nbd7 {[%clk 1:30:30]} 16. Ne5 {[%clk 1:30:30]} Rfe8 {[%clk
1:30:30]} 17. Rae1 {[%clk 1:30:30]} Nxe5 {[%clk 1:30:30]} 18. dxe5 {[%clk
1:30:30]} Nd7 {[%clk 1:30:30]} 19. f4 {[%clk 1:30:30]} Qb4 {[%clk 1:30:30]} 20.
Qxb4 {[%clk 1:30:30]} axb4 {[%clk 1:30:30]} 21. Ra1 {[%clk 1:30:30]} c5 {[%clk
1:30:30]} 22. Rfd1 {[%clk 1:30:30]} c4 {[%clk 1:30:30]} 23. Nd4 {[%clk 1:30:30]}
Nc5 {[%clk 1:30:30]} 24. a5 {[%clk 1:30:30]} Ne4 {[%clk 1:30:30]} 25. Kg1 {[%clk
1:30:30]} c3 {[%clk 1:30:30]} 26. bxc3 {[%clk 1:30:30]} Nxc3 {[%clk 1:30:30]} 27.
Rd2 {[%clk 1:30:30]} Ra6 {[%clk 1:30:30]} 28. Nb3 {[%clk 1:30:30]} Rea8 {[%clk
1:30:30]} 29. Re1 {[%clk 1:30:30]} b6 {[%clk 1:30:30]} 30. axb6 {[%clk 1:30:30]}
Rxb6 {[%clk 1:30:30]} 31. g4 {[%clk 1:30:30]} Re8 {[%clk 1:30:30]} 32. f5 {[%clk
1:30:30]} g6 {[%clk 1:30:30]} 33. Nc5 {[%clk 1:30:30]} Rc6 {[%clk 1:30:30]} 34.
Nd7 {[%clk 1:30:30]} Re7 {[%clk 1:30:30]} 35. e6 {[%clk 1:30:30]} fxe6 {[%clk
1:30:30]} 36. Nf6+ {[%clk 1:30:30]} Kg7 {[%clk 1:30:30]} 37. Nxd5 {[%clk
1:30:30]} Nxd5 {[%clk 1:30:30]} 38. Rxd5 {[%clk 1:30:30]} exd5 {[%clk 1:30:30]}
39. Rxe7+ {[%clk 1:30:30]} Kf6 {[%clk 1:30:30]} 40. Rxh7 {[%clk 1:30:30]} Rxc2
{[%clk 1:30:30]} 41. Rh6 {[%clk 1:30:30]} b3 {[%clk 1:30:30]} 42. Rxg6+ {[%clk
1:30:30]} Ke5 {[%clk 1:30:30]} 43. Re6+ {[%clk 1:30:30]} Kd4 {[%clk 1:30:30]} 44.
f6 {[%clk 1:30:30]} b2 {[%clk 1:30:30]} 45. Rb6 {[%clk 1:30:30]} Rc1+ {[%clk
1:30:30]} 46. Kg2 {[%clk 1:30:30]} b1=Q {[%clk 1:30:30]} 47. Rxb1 {[%clk
1:30:30]} Rxb1 {[%clk 1:30:30]} 48. f7 {[%clk 1:30:30]} Rb8 {[%clk 1:30:30]} 49.
g5 {[%clk 1:30:30]} Ke5 {[%clk 1:30:30]} 50. h4 {[%clk 1:30:30]} Kf5 {[%clk
1:30:30]} 51. Kf3 {[%clk 1:30:30]} Kg6 {[%clk 1:30:30]} 52. Kg4 {[%clk 1:30:30]}
Kxf7 {[%clk 1:30:30]} 53. h5 {[%clk 1:30:30]} Kg7 {[%clk 1:30:30]} 54. Kf5 {[%clk
1:30:30]} d4 {[%clk 1:30:30]} 0-1

[Event "Poznan Chess Festival"]
[Site "chess24.com"]
[Date "2021.08.15"]
[Round "2"]
[White "Pietras, Igor"]
[Black "Lesien, Chryzostom"]
[Result "1-0"]
[Board "39"]
[WhiteElo "1391"]
[WhiteCountry "POL"]
[WhiteFideId "21867186"]
[WhiteEloChange "3"]
[BlackElo "1063"]
[BlackCountry "POL"]
[BlackFideId "21836892"]
[BlackEloChange "-3"]

1. e4 {[%clk 1:30:30]} e5 {[%clk 1:30:30]} 2. Nf3 {[%clk 1:30:30]} Nc6 {[%clk
1:30:30]} 3. d4 {[%clk 1:30:30]} d6 {[%clk 1:30:30]} 4. dxe5 {[%clk 1:30:30]}
dxe5 {[%clk 1:30:30]} 5. Qxd8+ {[%clk 1:30:30]} Kxd8 {[%clk 1:30:30]} 6. Nc3
{[%clk 1:30:30]} Nf6 {[%clk 1:30:30]} 7. Bg5 {[%clk 1:30:30]} Be7 {[%clk
1:30:30]} 8. O-O-O+ {[%clk 1:30:30]} Ke8 {[%clk 1:30:30]} 9. Bb5 {[%clk 1:30:30]}
h6 {[%clk 1:30:30]} 10. Bh4 {[%clk 1:30:30]} Bd7 {[%clk 1:30:30]} 11. Rd2 {[%clk
1:30:30]} Rd8 {[%clk 1:30:30]} 12. Rhd1 {[%clk 1:30:30]} a6 {[%clk 1:30:30]} 13.
Bxc6 {[%clk 1:30:30]} Bxc6 {[%clk 1:30:30]} 14. Rxd8+ {[%clk 1:30:30]} Bxd8
{[%clk 1:30:30]} 15. Nxe5 {[%clk 1:30:30]} g5 {[%clk 1:30:30]} 16. Nxc6 {[%clk
1:30:30]} bxc6 {[%clk 1:30:30]} 17. Bg3 {[%clk 1:30:30]} Ke7 {[%clk 1:30:30]} 18.
Rd3 {[%clk 1:30:30]} Re8 {[%clk 1:30:30]} 19. f3 {[%clk 1:30:30]} Nh5 {[%clk
1:30:30]} 20. Ne2 {[%clk 1:30:30]} Nxg3 {[%clk 1:30:30]} 21. Nxg3 {[%clk
1:30:30]} Ke6 {[%clk 1:30:30]} 22. Rc3 {[%clk 1:30:30]} Kd6 {[%clk 1:30:30]} 23.
Nf5+ {[%clk 1:30:30]} Kd7 {[%clk 1:30:30]} 24. Nxh6 {[%clk 1:30:30]} Rf8 {[%clk
1:30:30]} 25. h3 {[%clk 1:30:30]} Bf6 {[%clk 1:30:30]} 26. Ra3 {[%clk 1:30:30]}
Rb8 {[%clk 1:30:30]} 27. Rd3+ {[%clk 1:30:30]} Ke6 {[%clk 1:30:30]} 28. b3 {[%clk
1:30:30]} Rd8 {[%clk 1:30:30]} 29. Kd2 {[%clk 1:30:59]} Rxd3+ {[%clk 1:30:30]}
30. Kxd3 {[%clk 1:30:59]} Bg7 {[%clk 1:30:30]} 31. Nf5 {[%clk 1:30:59]} Be5
{[%clk 1:30:30]} 32. Kc4 {[%clk 1:30:59]} Kd7 {[%clk 1:30:30]} 33. Kc5 {[%clk
1:30:59]} Bh2 {[%clk 1:30:30]} 34. Kb4 {[%clk 1:30:59]} Bg1 {[%clk 1:30:30]} 35.
Ka5 {[%clk 1:30:59]} f6 {[%clk 1:30:30]} 36. Kxa6 {[%clk 1:30:59]} Bb6 {[%clk
1:30:30]} 37. a4 {[%clk 1:30:59]} Ke6 {[%clk 1:30:30]} 38. a5 {[%clk 1:30:59]}
Bf2 {[%clk 1:30:30]} 39. Kb7 {[%clk 1:30:59]} Kd7 {[%clk 1:30:30]} 40. a6 {[%clk
1:30:59]} Bb6 {[%clk 1:30:30]} 41. a7 {[%clk 1:30:59]} Bxa7 {[%clk 1:30:30]} 42.
Kxa7 {[%clk 1:30:59]} 1-0

[Event "Poznan Chess Festival"]
[Site "chess24.com"]
[Date "2021.08.15"]
[Round "2"]
[White "Nowak, Bartlomiej"]
[Black "Nicikowski, Jozef"]
[Result "1/2-1/2"]
[Board "40"]
[WhiteElo "1063"]
[WhiteCountry "POL"]
[WhiteFideId "21093148"]
[WhiteEloChange "7"]
[BlackElo "1372"]
[BlackCountry "POL"]
[BlackFideId "21816468"]
[BlackEloChange "-7"]

1. d4 {[%clk 1:30:30]} d5 {[%clk 1:30:30]} 2. Bf4 {[%clk 1:30:30]} Nf6 {[%clk
1:30:30]} 3. e3 {[%clk 1:30:30]} e6 {[%clk 1:30:30]} 4. Bd3 {[%clk 1:30:30]} Be7
{[%clk 1:30:30]} 5. Nf3 {[%clk 1:30:30]} O-O {[%clk 1:30:30]} 6. c3 {[%clk
1:30:30]} b6 {[%clk 1:30:30]} 7. O-O {[%clk 1:30:30]} Ba6 {[%clk 1:30:30]} 8. Re1
{[%clk 1:30:30]} Bxd3 {[%clk 1:30:30]} 9. Qxd3 {[%clk 1:30:30]} Nbd7 {[%clk
1:30:30]} 10. Nbd2 {[%clk 1:30:30]} c5 {[%clk 1:30:30]} 11. e4 {[%clk 1:30:30]}
dxe4 {[%clk 1:30:30]} 12. Nxe4 {[%clk 1:30:30]} Nxe4 {[%clk 1:30:30]} 13. Qxe4
{[%clk 1:30:30]} Nf6 {[%clk 1:30:30]} 14. Qd3 {[%clk 1:30:30]} h6 {[%clk
1:30:30]} 15. Ne5 {[%clk 1:30:30]} cxd4 {[%clk 1:30:30]} 16. cxd4 {[%clk
1:30:30]} Nd5 {[%clk 1:30:30]} 17. Bd2 {[%clk 1:30:30]} Rc8 {[%clk 1:30:30]} 18.
Qg3 {[%clk 1:30:30]} Kh7 {[%clk 1:30:30]} 19. Rad1 {[%clk 1:30:30]} Kh8 {[%clk
1:30:30]} 20. Rc1 {[%clk 1:30:30]} Rxc1 {[%clk 1:30:30]} 21. Rxc1 {[%clk
1:30:30]} Bd6 {[%clk 1:30:30]} 22. Qf3 {[%clk 1:30:30]} Bxe5 {[%clk 1:30:30]} 23.
dxe5 {[%clk 1:30:30]} Ne7 {[%clk 1:30:30]} 24. Bb4 {[%clk 1:30:30]} Qe8 {[%clk
1:30:30]} 25. Rc7 {[%clk 1:30:30]} Nd5 {[%clk 1:30:30]} 26. Bxf8 {[%clk 1:30:30]}
Nxc7 {[%clk 1:30:30]} 27. Bd6 {[%clk 1:30:30]} Nd5 {[%clk 1:30:30]} 28. g3 {[%clk
1:30:30]} Kg8 {[%clk 1:30:30]} 29. Qd3 {[%clk 1:30:30]} Qc6 {[%clk 1:30:30]} 30.
Qd2 {[%clk 1:30:30]} a5 {[%clk 1:30:30]} 31. h4 {[%clk 1:30:30]} Qc4 {[%clk
1:30:30]} 32. a3 {[%clk 1:30:30]} Qe4 {[%clk 1:30:30]} 33. Qc1 {[%clk 1:30:30]}
Kh7 {[%clk 1:30:30]} 34. Qd2 {[%clk 1:30:30]} Qb1+ {[%clk 1:30:30]} 35. Kh2
{[%clk 1:30:30]} Qe4 {[%clk 1:30:30]} 36. b4 {[%clk 1:30:30]} 1/2-1/2

[Event "Poznan Chess Festival"]
[Site "chess24.com"]
[Date "2021.08.15"]
[Round "2"]
[White "Matloka, Mateusz"]
[Black "Nowak, Samuel"]
[Result "1-0"]
[Board "41"]
[WhiteElo "1368"]
[WhiteCountry "POL"]
[WhiteFideId "21086346"]
[WhiteEloChange "3"]
[BlackElo "1054"]
[BlackCountry "POL"]
[BlackFideId "21097909"]
[BlackEloChange "-3"]

1. e4 {[%clk 1:30:30]} c6 {[%clk 1:30:30]} 2. d4 {[%clk 1:30:30]} d5 {[%clk
1:30:30]} 3. Nc3 {[%clk 1:30:30]} g6 {[%clk 1:30:30]} 4. Nf3 {[%clk 1:30:30]} Bg7
{[%clk 1:30:30]} 5. e5 {[%clk 1:30:30]} Bg4 {[%clk 1:30:30]} 6. h3 {[%clk
1:30:30]} Bxf3 {[%clk 1:30:30]} 7. Qxf3 {[%clk 1:30:30]} e6 {[%clk 1:30:30]} 8.
Qg3 {[%clk 1:30:30]} Ne7 {[%clk 1:30:30]} 9. Bd3 {[%clk 1:30:30]} Nd7 {[%clk
1:30:30]} 10. O-O {[%clk 1:30:30]} O-O {[%clk 1:30:30]} 11. Ne2 {[%clk 1:30:30]}
c5 {[%clk 1:30:30]} 12. c3 {[%clk 1:30:30]} Rc8 {[%clk 1:30:30]} 13. Be3 {[%clk
1:30:30]} c4 {[%clk 1:30:30]} 14. Bc2 {[%clk 1:30:30]} b5 {[%clk 1:30:30]} 15. a4
{[%clk 1:30:30]} a6 {[%clk 1:30:30]} 16. axb5 {[%clk 1:30:30]} axb5 {[%clk
1:30:30]} 17. b4 {[%clk 1:30:30]} Ra8 {[%clk 1:30:30]} 18. Nf4 {[%clk 1:30:30]}
Nf5 {[%clk 1:30:30]} 19. Bxf5 {[%clk 1:30:30]} exf5 {[%clk 1:30:30]} 20. f3
{[%clk 1:30:30]} Nb6 {[%clk 1:30:30]} 21. Nh5 {[%clk 1:30:30]} Qd7 {[%clk
1:30:30]} 22. Nxg7 {[%clk 1:30:30]} Kxg7 {[%clk 1:30:30]} 23. Bg5 {[%clk
1:30:30]} Rxa1 {[%clk 1:30:30]} 24. Bf6+ {[%clk 1:30:30]} Kg8 {[%clk 1:30:30]}
25. Qg5 {[%clk 1:30:30]} Rxf1+ {[%clk 1:30:30]} 26. Kh2 {[%clk 1:30:30]} 1-0

[Event "Poznan Chess Festival"]
[Site "chess24.com"]
[Date "2021.08.16"]
[Round "3"]
[White "Lanin, Boris Dr"]
[Black "Chojnacki, Krzysztof"]
[Result "0-1"]
[Board "1"]
[WhiteElo "1949"]
[WhiteCountry "RUS"]
[WhiteFideId "4198166"]
[WhiteEloChange "-2"]
[BlackElo "2381"]
[BlackTitle "IM"]
[BlackCountry "POL"]
[BlackFideId "1114115"]
[BlackEloChange "2"]

1. e4 {[%clk 1:25:02]} d6 {[%clk 1:29:31]} 2. d4 {[%clk 1:25:26]} Nf6 {[%clk
1:29:55]} 3. Nc3 {[%clk 1:25:53]} g6 {[%clk 1:30:17]} 4. Nf3 {[%clk 1:25:07]} Bg7
{[%clk 1:30:39]} 5. h3 {[%clk 1:25:34]} O-O {[%clk 1:30:41]} 6. Be3 {[%clk
1:25:38]} a6 {[%clk 1:30:15]} 7. a4 {[%clk 1:23:20]} b6 {[%clk 1:29:50]} 8. Bd3
{[%clk 1:21:59]} Bb7 {[%clk 1:27:03]} 9. O-O {[%clk 1:20:11]} Nbd7 {[%clk
1:25:03]} 10. Qd2 {[%clk 1:18:06]} e6 {[%clk 1:23:19]} 11. Rfe1 {[%clk 1:08:28]}
c5 {[%clk 1:18:54]} 12. Bh6 {[%clk 0:52:00]} cxd4 {[%clk 1:16:00]} 13. Bxg7
{[%clk 0:47:59]} Kxg7 {[%clk 1:15:26]} 14. Nxd4 {[%clk 0:48:25]} Qc7 {[%clk
1:14:15]} 15. Qg5 {[%clk 0:47:52]} Rac8 {[%clk 1:07:16]} 16. Kh1 {[%clk 0:47:32]}
Qc5 {[%clk 1:03:18]} 17. Qxc5 {[%clk 0:46:07]} Nxc5 {[%clk 0:56:02]} 18. f3
{[%clk 0:46:01]} Rfd8 {[%clk 0:51:10]} 19. Nde2 {[%clk 0:40:27]} e5 {[%clk
0:47:56]} 20. a5 {[%clk 0:30:17]} b5 {[%clk 0:45:05]} 21. b4 {[%clk 0:30:08]} Ne6
{[%clk 0:44:29]} 22. Nb1 {[%clk 0:26:54]} d5 {[%clk 0:37:47]} 23. Nd2 {[%clk
0:26:48]} dxe4 {[%clk 0:35:15]} 24. fxe4 {[%clk 0:26:50]} Nh5 {[%clk 0:31:52]}
25. Nf3 {[%clk 0:23:59]} f6 {[%clk 0:30:33]} 26. Rad1 {[%clk 0:23:15]} Nhf4
{[%clk 0:28:49]} 27. Nfg1 {[%clk 0:16:39]} Nxd3 {[%clk 0:26:07]} 28. Rxd3 {[%clk
0:15:30]} Rxc2 {[%clk 0:26:00]} 29. Rxd8 {[%clk 0:15:51]} Nxd8 {[%clk 0:26:27]}
30. Rd1 {[%clk 0:16:05]} Nf7 {[%clk 0:26:41]} 31. Rd7 {[%clk 0:16:00]} Bxe4
{[%clk 0:24:32]} 32. Ra7 {[%clk 0:16:23]} Rc6 {[%clk 0:23:05]} 33. Nf3 {[%clk
0:15:46]} Bxf3 {[%clk 0:21:43]} 34. gxf3 {[%clk 0:16:14]} f5 {[%clk 0:21:55]} 35.
Kg2 {[%clk 0:15:37]} Kf6 {[%clk 0:21:47]} 36. Kf2 {[%clk 0:15:24]} h5 {[%clk
0:20:18]} 37. Rb7 {[%clk 0:15:03]} Nd8 {[%clk 0:19:07]} 38. Rd7 {[%clk 0:15:00]}
Ne6 {[%clk 0:19:01]} 39. Ra7 {[%clk 0:14:36]} Nc7 {[%clk 0:17:35]} 40. Rb7 {[%clk
0:14:55]} Nd5 {[%clk 0:17:24]} 0-1